000 00741nam a22002177a 4500
010 _aBAC-CH25
020 _a9789383260669
_c225.00
035 _aB-556491-518
035 _a
037 _aDPL
_bUBH/vendor
082 _aN
100 _aDalal, Deepak
245 _aSahyadri adventure :
_cDeepak Dalal
_b Anirudh's dream /
260 _aBangalore
_bSilverfish
_c2013
260 _aNew Delhi
_bwestland India
_c2013
270 _a93, Ist Floor, Sham Lal Road, Darya ganj,
_bNew Delhi
_e110002
300 _a274p.:
_bill.
_c20cm(pbk)
942 _2ddc
_cCH
_hN
_mDAL
999 _c86737
_d86737